Постнеклассическая наука и вызовы современности (Запись № 13659817)

Подробности
000 -МАРКЕР
контрольное поле 02693nam0a2200409 4500
001 - ИДЕНТИФИКАТОР ЗАПИСИ
контрольное поле RU\NLR\BIBL_A\022267528
005 - ИДЕНТИФИКАТОР ВЕРСИИ
контрольное поле 20260420011541.0
010 ## - МЕЖДУНАРОДНЫЙ СТАНДАРТНЫЙ НОМЕР КНИГИ (ISBN)
Номер (ISBN) 978-5-6051669-9-3
Тираж 300
021 ## - НОМЕР ГОСУДАРСТВЕННОЙ РЕГИСТРАЦИИ
Код страны Российская Федерация
Номер КН-П-24-029284
Номер Листа государственной регистраци КН-П-24-2979
035 ## - ДРУГИЕ СИСТЕМНЫЕ НОМЕРА
Идентификатор записи (NLR Aleph) 022267528
100 ## - ДАННЫЕ ОБЩЕЙ ОБРАБОТКИ
Данные общей обработки 20240701d2024 k y0rusy50 ca
101 0# - ЯЗЫК РЕСУРСА
Язык текста, звукозаписи и т.д. русский
102 ## - СТРАНА ПУБЛИКАЦИИ ИЛИ ПРОИЗВОДСТВА
Страна публикации Российская Федерация
105 ## - ПОЛЕ КОДИРОВАННЫХ ДАННЫХ: ТЕКСТОВЫЕ МАТЕРИАЛЫ, МОНОГРАФИЧЕСКИЕ
Кодированные данные о монографическом текстовом документе y|||z|||000yy
181 #0 - ПОЛЕ КОДИРОВАННЫХ ДАННЫХ: ВИД СОДЕРЖАНИЯ
Код вида содержания (ISBD) i4
Код характеристики содержания (ISBD) axxe
182 #0 - ПОЛЕ КОДИРОВАННЫХ ДАННЫХ: ТИП СРЕДСТВА
Код типа средства (ISBD) n - непосредственное
200 1# - ЗАГЛАВИЕ И СВЕДЕНИЯ ОБ ОТВЕТСТВЕННОСТИ
Основное заглавие Постнеклассическая наука и вызовы современности
Сведения, относящиеся к заглавию монография
Первые сведения об ответственности И. А. Беляев, Т. В. Борисова, Ю. В. Буртовая [и др.]
Последующие сведения об ответственности под редакцией доктора философских наук А. Н. Сорочайкина
-- Министерство науки и высшего образования Российской Федерации, Федеральное государственное бюджетное образовательное учреждение высшего образования "Самарский государственный технический университет"
203 ## - ВИД СОДЕРЖАНИЯ И ТИП СРЕДСТВА
Вид содержания Текст
Дополнительные сведения об издании визуальный
Тип средства непосредственный
210 ## - ПУБЛИКАЦИЯ, РАСПРОСТРАНЕНИЕ И ДР.
Место издания, распространения и т.д. Тольятти
Имя издателя, распространителя и т. д. Изд-во ИССТЭ
Дата издания, распространения и т.д. 2024
215 ## - ФИЗИЧЕСКАЯ ХАРАКТЕРИСТИКА
Специфическое обозначение материала и объем 116, [1] с.
Размеры 20
300 ## - ОБЩИЕ ПРИМЕЧАНИЯ
Текст примечания В конце кн. 1-й и 2-й авт.: Беляев И. А., Борисова Т. В., доктора филос. наук, доценты, профессора
300 ## - ОБЩИЕ ПРИМЕЧАНИЯ
Текст примечания Авт. указаны на обороте тит. с.
320 ## - ПРИМЕЧАНИЯ О НАЛИЧИИ В ДОКУМЕНТЕ БИБЛИОГРАФИИ / УКАЗАТЕЛЯ
Текст примечания Библиогр.: с. 116 (12 назв.)
606 1# - НАИМЕНОВАНИЕ ТЕМЫ КАК ПРЕДМЕТ
Наименование темы Познание научное
Тематический подзаголовок Методология и логика
Системный номер авторитетной/нормативной записи 2117738
Идентификатор авторитетной/нормативной записи RU\NLR\AUTH\661279166
606 1# - НАИМЕНОВАНИЕ ТЕМЫ КАК ПРЕДМЕТ
Наименование темы Наука
Тематический подзаголовок Развитие
-- Философские вопросы
Системный номер авторитетной/нормативной записи 2580775
Идентификатор авторитетной/нормативной записи RU\NLR\AUTH\6601736273
686 1# - ИНДЕКСЫ ДРУГИХ КЛАССИФИКАЦИЙ
Индекс Ю251.09
701 #1 - ИМЯ ЛИЦА - АЛЬТЕРНАТИВНАЯ ОТВЕТСТВЕННОСТЬ
Графика поля Кириллица
Материалы, к которым относится поле rus
Начальный элемент ввода Беляев
Часть имени, кроме начального элемента ввода И. А.
Дополнения к именам, кроме дат д-р филос. наук, канд. пед. наук
Расширение инициалов личного имени Игорь Александрович
Системный номер авторитетной/нормативной записи 34562
Идентификатор авторитетной/нормативной записи RU\NLR\AUTH\7751629
701 #1 - ИМЯ ЛИЦА - АЛЬТЕРНАТИВНАЯ ОТВЕТСТВЕННОСТЬ
Графика поля Кириллица
Материалы, к которым относится поле rus
Начальный элемент ввода Борисова
Часть имени, кроме начального элемента ввода Т. В.
Дополнения к именам, кроме дат д-р филос. наук
Расширение инициалов личного имени Татьяна Вадимовна
Системный номер авторитетной/нормативной записи 112651
Идентификатор авторитетной/нормативной записи RU\NLR\AUTH\772641
701 #1 - ИМЯ ЛИЦА - АЛЬТЕРНАТИВНАЯ ОТВЕТСТВЕННОСТЬ
Начальный элемент ввода Буртовая
Часть имени, кроме начального элемента ввода Ю. В.
Расширение инициалов личного имени Юлия Владимировна
702 #1 - ИМЯ ЛИЦА - ВТОРИЧНАЯ ОТВЕТСТВЕННОСТЬ
Начальный элемент ввода Сорочайкин
Часть имени, кроме начального элемента ввода А. Н.
Даты 1967-
Расширение инициалов личного имени Андрей Никонович
Код отношения Редактор
712 02 - НАИМЕНОВАНИЕ ОРГАНИЗАЦИИ - ВТОРИЧНАЯ ОТВЕТСТВЕННОСТЬ
Код отношения Прочие
Начальный элемент ввода Самарский государственный технический университет
Системный номер авторитетной/нормативной записи 311993
Идентификатор авторитетной/нормативной записи RU\NLR\AUTH\8819310
942 ## - ДОПОЛНИТЕЛЬНЫЕ ЭЛЕМЕНТЫ ЗАПИСИ (АБИС)
Тип экземпляра АБИС Книга
980 ## - КОЛЛЕКЦИЯ
Название коллекции Национальная библиография

Нет доступных экземпляров.